000 01315nam a2200337 a 4500
001 ebr10430707
003 CaPaEBR
006 m u
007 cr cn|||||||||
008 091030s2009 mau sb 001 0 eng
010 _z 2009044632
020 _z9781931930918
040 _aCaPaEBR
_cCaPaEBR
035 _a(OCoLC)618867375
043 _afb-----
050 1 4 _aDT352.4
_b.R53 2009eb
082 0 4 _a967
_222
100 1 _aRichmond, Yale.
245 1 0 _aInto Africa
_h[electronic resource] :
_ba guide to Sub-Saharan culture and diversity /
_cYale Richmond and Phyllis Gestrin.
250 _a2nd ed.
260 _aBoston :
_bIntercultural Press,
_c2009.
300 _axvii, 261 p.
500 _aRev. ed. of: Into Africa : intercultural insights. 1998.
504 _aIncludes bibliographical references (p. 239-247) and index.
533 _aElectronic reproduction.
_bPalo Alto, Calif. :
_cebrary,
_d2013.
_nAvailable via World Wide Web.
_nAccess may be limited to ebrary affiliated libraries.
651 0 _aAfrica, Sub-Saharan
_xSocial life and customs.
655 7 _aElectronic books.
_2local
700 1 _aGestrin, Phyllis.
710 2 _aebrary, Inc.
856 4 0 _uhttp://site.ebrary.com/lib/rucke/Doc?id=10430707
_zAn electronic book accessible through the World Wide Web; click to view
999 _c233479
_d233479